Reflexions pour les jeunes chefs / (Record no. 150661)

MARC details
000 -LEADER
campo de control de longitud fija 00698nam a2200217 i 4500
001 - NÚMERO DE CONTROL
campo de control 150661
003 - IDENTIFICADOR DE NÚMERO DE CONTROL
campo de control ES-MaACL
005 - FECHA Y HORA DE LA ÚLTIMA TRANSACCIÓN
campo de control 20230906203625.0
007 - CAMPO FIJO DE DESCRIPCIÓN FÍSICA--INFORMACIÓN GENERAL
campo de control de longitud fija t|
008 - DATOS DE LONGITUD FIJA--INFORMACIÓN GENERAL
campo de control de longitud fija 041122q19401949fr ||||1| fre d
100 1# - ENTRADA PRINCIPAL--NOMBRE DE PERSONA
Nombre de persona Dunoyer de Segonzac, P.
9 (RLIN) 46068
245 10 - MENCIÓN DEL TÍTULO
Título Reflexions pour les jeunes chefs /
Mención de responsabilidad, etc. par le chef Dunoyer de Segonzac.
250 ## - MENCION DE EDICION
Mención de edición 2e éd.
260 ## - PUBLICACIÓN, DISTRIBUCIÓN, ETC.
Lugar de publicación, distribución, etc. Uriage :
Nombre del editor, distribuidor, etc. Ecole Nationale des Cadres,
Fecha de publicación, distribución, etc. [194-?] (
Lugar de fabricación/manufactura Grenoble :
Fabricante M. Paillet)
300 ## - DESCRIPCIÓN FÍSICA
Extensión 31 p. ;
Dimensiones 19 cm.
490 1# - MENCIÓN DE SERIE
Mención de serie Le Chef et ses jeunes ;
Designación de volumen o secuencia 5
710 2# - ENTRADA AGREGADA--NOMBRE DE ENTIDAD CORPORATIVA
Nombre de entidad corporativa o nombre de jurisdicción como elemento de entrada Ecole Nationale des Cadres.
9 (RLIN) 3415
830 0# - PUNTO DE ACCESO ADICIONAL DE SERIE-TÍTULO UNIFORME
Título uniforme Le Chef et ses jeunes ;
Designación de volumen o secuencia 5
9 (RLIN) 187608
852 ## - LOCALIZACIÓN
Ubicación ES-MaACL
Número de control de estantería 1912-F-5
Sublocalización o colección R.20244
Holdings
Estatus retirado Estado de pérdida Estado de daño No para préstamo Colección Biblioteca de origen Biblioteca actual Ubicación en estantería Fecha de adquisición Fuente de adquisición Total de préstamos Signatura topográfica completa Código de barras Visto por última vez Precio de reemplazo Tipo de ítem Koha
        Colección de folletos Biblioteca del Ateneo de Madrid Biblioteca del Ateneo de Madrid Depósito folletos 17/01/2008     1912-F-5 1157207 23/02/2023 23/02/2023 Folleto